000 01615nam0a2200313 4500
001 RU\NLR\bibl\182724
005 20260405092127.0
010 _a5-7029-0376-5
_91000
021 _aRU
_b2000-54532
_92522
035 _a(NLR Aleph) 000179333
090 _a1035084
_c1035084
100 _a20010913d2000 |||y0rusy50 ca
101 0 _arus
102 _aRU
105 _aa |||||||||
200 1 _aМетодика подготовки и защиты курсовых и выпускных квалификационных (дипломных) работ по специальности 022300 - Физическая культура и спорт "Квалификация - педагог по физической культуре"
_eУчеб. пособие
_fП.К. Петров
_gМ-во образования РФ, Удмурт. гос. ун-т
210 _aИжевск
_cУдмурт. ун-т
_d2000
215 _a124, [1] с.
_cил.
_d20
300 _aНа 4-й с. обл. авт.: П.К. Петров, к.п.н., проф., засл. деят. науки УР
320 _aБиблиогр.: с. 104-108
606 0 _aУчителя физического воспитания
_jМетодические пособия
_xПодготовка
_92071125
_3RU\NLR\auth\661245873
686 _aЧ489.518.26физкультура
686 _aЧ511р
700 1 _4070
_7ca
_8rus
_aПетров
_bП. К.
_cд-р пед. наук
_gПавел Карпович
_916337
_3RU\NLR\auth\7733329
801 0 _aRU
_bNLR
_c20010913
_gPSBO
801 1 _aRU
_bNLR
_c20010913
942 _cBOOK
980 _aNB